Cash crunch in Rubber Board: Stakeholders seek quick relief (Record no. 55211)

MARC details
000 -LEADER
fixed length control field 00291nam a2200109Ia 4500
245 #0 - TITLE STATEMENT
Title Cash crunch in Rubber Board: Stakeholders seek quick relief
260 ## - PUBLICATION, DISTRIBUTION, ETC. (IMPRINT)
Name of publisher Rubber India
Year of publication 2019
300 ## - PHYSICAL DESCRIPTION
Number of Pages 42
650 ## - SUBJECT ADDED ENTRY--TOPICAL TERM
Topical Term Rubber Board news
942 ## - ADDED ENTRY ELEMENTS (KOHA)
Koha item type Journals
Holdings
Withdrawn status Lost status Damaged status Not for loan Home library Current library Shelving location Date acquired Serial Enumeration / chronology Koha item type
      Journals RRII Library RRII Library Rubber general 17/12/2021 Volume LXXI, Issue 4 Journals